Normal view
MARC view
Entry Personal Name
001 - CONTROL NUMBER
- control field: 24511
003 - CONTROL NUMBER IDENTIFIER
- control field: dpl
005 - DATE AND TIME OF LATEST TRANSACTION
- control field: 20101130161023.0
008 - FIXED-LENGTH DATA ELEMENTS
- fixed length control field: 101130|||a|||||| | ||| d
040 ## - CATALOGING SOURCE
- Original cataloging agency: dpl
- Transcribing agency: dpl
100 ## - HEADING--PERSONAL NAME
- Personal name: Garg, Anil Kumar
670 ## - SOURCE DATA FOUND
- Source citation: Work cat.: (dpl)35457: Garg, Anil Kumar, Upkar's MCA test , 201?
670 ## - SOURCE DATA FOUND
- Source citation: Work cat.: (dpl)35457: Garg, Anil Kumar, Upkar's MCA test , 201?
